Decentralizing education in transition societies : case studies from Central and Eastern Europe (Record no. 39505)

MARC details
000 -LEADER
fixed length control field 00937nam a2200229 a 4500
001 - CONTROL NUMBER
control field 12205128
008 - FIXED-LENGTH DATA ELEMENTS--GENERAL INFORMATION
fixed length control field 150901s2001 ||||||||||||||||| || u
010 ## - LIBRARY OF CONGRESS CONTROL NUMBER
LC control number 00051332
020 ## - INTERNATIONAL STANDARD BOOK NUMBER
International Standard Book Number 0821348760
050 ## - LIBRARY OF CONGRESS CALL NUMBER
Classification number IBRD(06)LR/2001/3
100 ## - MAIN ENTRY--PERSONAL NAME
Personal name Fiszbein, Ariel
245 10 - TITLE STATEMENT
Title Decentralizing education in transition societies : case studies from Central and Eastern Europe
Statement of responsibility, etc. edited by Ariel Fiszbein.
260 ## - PUBLICATION, DISTRIBUTION, ETC.
Place of publication, distribution, etc. Washington, D.C.
Name of publisher, distributor, etc. World Bank
Date of publication, distribution, etc. 2001
300 ## - PHYSICAL DESCRIPTION
Extent vii, 111 p.
490 ## - SERIES STATEMENT
Series statement WBI learning resources
500 ## - GENERAL NOTE
General note Includes bibliographical references.
650 ## - SUBJECT ADDED ENTRY--TOPICAL TERM
Topical term or geographic name entry element EDUCATION AND STATE--EUROPE, EASTERN--CASE STUDIES
650 ## - SUBJECT ADDED ENTRY--TOPICAL TERM
Topical term or geographic name entry element EDUCATIONAL EXCHANGE--EUROPE, EASTERN--CASE STUDIES
650 ## - SUBJECT ADDED ENTRY--TOPICAL TERM
Topical term or geographic name entry element EDUCATION--EUROPE, EASTERN--CASE STUDIES
710 ## - ADDED ENTRY--CORPORATE NAME
Corporate name or jurisdiction name as entry element World Bank Institute
995 ## - RECOMMENDATION 995 [LOCAL, UNIMARC FRANCE]
-- CBU-MAIN LIBRARY (Kitwe)
-- 1
-- AVAILABLE
-- Sep 1, 2015
-- International Publications
Holdings
Withdrawn status Lost status Source of classification or shelving scheme Damaged status Not for loan Home library Current library Shelving location Date acquired Total Checkouts Full call number Barcode Date last seen Price effective from Koha item type
          CBU-MAIN LIBRARY, KITWE. CBU-MAIN LIBRARY, KITWE.   11/30/2022   IBRD(06)LR/2001/3 45017 11/30/2022 11/30/2022 MONOGRAPH